| 000 | 01381nam0a2200325 4500 | ||
|---|---|---|---|
| 001 | RU\NLR\bibl\1723147 | ||
| 005 | 20260405224052.0 | ||
| 021 |
_aRU _b2010-98869 _96671 |
||
| 035 | _a(nilc)RSL-KNO-004863595 | ||
| 035 | _a(NLR Aleph) 001714127 | ||
| 090 |
_a1298640 _c1298640 |
||
| 100 | _a20101213d2010 |||y0rusy50 ca | ||
| 101 | 0 | _arus | |
| 102 | _aRU | ||
| 105 | _aa ||||||||| | ||
| 200 | 1 |
_aРоза ветров _eзаписки директора школы _fТатьяна Михайлова |
|
| 210 |
_aМосква _cИзд-во Московского Культурологического лицея N° 1310 _d2010 |
||
| 215 |
_a125, [1] с. _cцв. ил., портр. _d22 |
||
| 320 | _aАлф. указ.: с. 124-125 | ||
| 600 | 1 |
_aМихайлова _bТ.Б. _gТатьяна Борисовна _jВоспоминания, записки и т.п. _92622881 _3RU\NLR\auth\661559441 |
|
| 610 | 0 | _aМосковский Культурологический лицей № 1310 | |
| 686 |
_aЧ421,6(2),0 _2rubbk |
||
| 686 | _aЧ33(2Р)74-8Михайлова | ||
| 700 | 1 |
_4070 _7ca _8rus _aМихайлова _bТ. Б. _cпедагог _gТатьяна Борисовна _985119 _3RU\NLR\auth\77102193 |
|
| 801 | 0 |
_aRU _bRuMoRKP _c20101213 _grcr |
|
| 801 | 1 |
_aRU _bRuMoRGB _c20101213 |
|
| 801 | 2 |
_aRU _bNLR _c20110117 _grcr |
|
| 942 | _cBOOK | ||
| 980 | _aNB | ||